Plotinus and African concepts of evil (Record no. 931549)

MARC details
000 -LEADER
fixed length control field 00862nam a2200265Ia 4500
003 - CONTROL NUMBER IDENTIFIER
control field OSt
005 - DATE AND TIME OF LATEST TRANSACTION
control field 20221005023646.0
008 - FIXED-LENGTH DATA ELEMENTS--GENERAL INFORMATION
fixed length control field 221004b |||||||| |||| 00| 0 eng d
037 ## - SOURCE OF ACQUISITION
Terms of availability Textual
040 ## - CATALOGING SOURCE
Original cataloging agency CRL
Transcribing agency CRL
Language of cataloging eng
041 ## - LANGUAGE CODE
Source of code eng
Language code of text/sound track or separate title eng
100 ## - MAIN ENTRY--PERSONAL NAME
Personal name Mofor Christian
9 (RLIN) 579849
245 #0 - TITLE STATEMENT
Title Plotinus and African concepts of evil
Remainder of title Perspective in multi-cultural philosophy
260 ## - PUBLICATION, DISTRIBUTION, ETC.
Place of publication, distribution, etc. Bern
Name of publisher, distributor, etc. Peter Lang Germany
Date of publication, distribution, etc. 2008
300 ## - PHYSICAL DESCRIPTION
Extent xviii,333p.
Dimensions cm.
490 ## - SERIES STATEMENT
Series statement European University studies series XX; 703
650 ## - SUBJECT ADDED ENTRY--TOPICAL TERM
Topical term or geographic name entry element PHILOSOPHY
942 ## - ADDED ENTRY ELEMENTS (KOHA)
Classification part R3xD20:g, P8
Koha item type Textual
Source of classification or shelving scheme
Holdings
Withdrawn status Lost status Damaged status Not for loan Home library Current library Date acquired Source of acquisition Cost, normal purchase price Total Checkouts Full call number Barcode Date last seen Cost, replacement price Price effective from Koha item type
        Central Library Central Library 2022-10-05 5245, 05/02/2009, Efficient Book Distributors 4306.91   R3xD20:g P8 CL1398602 2022-10-05 4306.91 2022-10-05 Textual
Copyright @ Delhi University Library System